La vie de Winston Churchill - Statistiques

Statistiques générales
  • Ce quiz a été pris 294 fois
  • Le résultat moyen est 9 sur 20
Statistiques - réponses
Indice Réponse % Correct
Churchill était « alarmé et écoeuré » par ce leader indien « à moitié nu » Mahatma Gandhi
87%
Les deux autres membres des « Big 3 » dirigeants alliés pendant la Seconde Guerre mondiale Joseph Staline
85%
Conférences où les « Big 3 » se sont rencontrés (nommer l'un ou l'autre) Yalta | Téhéran
84%
Les deux autres membres des « Big 3 » dirigeants alliés pendant la Seconde Guerre mondiale Franklin D. Roosevelt
82%
Terme inventé par Churchill pour désigner la ligne séparant l'Europe communiste et l'Europe libre Rideau de fer
72%
Son parti politique Conservateur
63%
Premier ministre qui a précédé Churchill et a tenté d'apaiser Hitler Neville Chamberlain
53%
... jusqu'à ce qu'il soit rétrogradé pour avoir planifié cette invasion désastreuse en Turquie Bataille des {Dardanelles}
51%
Je n'ai rien d'autre à offrir que du sang, du labeur, des larmes et de la ____ Sueur
51%
Pendant la Première Guerre mondiale, il a contribué à développer cette nouvelle technologie militaire Char
46%
Churchill a occupé ce poste pendant la Première Guerre mondiale Premier Lord de l'{Amirauté}
34%
Vous aviez à choisir entre la guerre et le ____ ; vous avez choisi le ____ et vous aurez la guerre Déshonneur
33%
Surnom de Churchill Le vieux {lion}
32%
Nous nous battrons sur les ____ Plages
23%
Premier ministre en poste entre les deux mandats de Churchill Clement Attlee
18%
La Russie est un rébus enveloppé de mystère au sein d'une ____ Énigme
10%
Quand on doit tuer quelqu'un, ça ne coûte rien d'être ____ Poli
10%
Je ne contredis pas Monsieur le député lorsqu’une ____ lui échappe de temps à autres Vérité
10%
... et a ensuite servi comme officier dans ce régiment Fusilers royaux {écossais}
5%
La propriété de campagne de Churchill Chartwell
2%
Aucun quiz correspondant
Distribution des résultats
% des personnes avec chaque résultat
Percentile par nombre de réponses
Votre historique - résultats
Vous n’avez pas pris ce quiz